000
00482nam a2200145Ia 4500
008
100122s9999 xx 000 0 und d
082
_b
26283
_a
823.08
100
_a
खांबेटे द पां
245
_a
बायकांचं गुपित
260
_b
विश्वमोहिनी प्रकाशन
_c
1978
300
_a
212
630
_a
बायकांचं गुपित
730
_a
बायकांचं गुपित
942
_c
BOOK
999
_c
412786
_d
412783